| 000 | 00342nam a2200133Ia 4500 | ||
|---|---|---|---|
| 008 | 220803s9999 xx 000 0 und d | ||
| 020 | _a9788189535193 | ||
| 041 | _aeng | ||
| 082 | _a823 GIR | ||
| 100 |
_aGiri Y _930118 |
||
| 245 | _aHoly Science .-9788189535193 | ||
| 260 |
_aKolkata _bYogoda Satsanga Society Of India _c2013 |
||
| 300 | _a128p | ||
| 999 |
_c18949 _d18949 |
||